000 00602nam a2200217Ia 4500
005 20250508165023.0
008 008 250505s9999 xx 000 0 eng d
020 _a0-7619-5578-X
037 _aTextual
040 _aFEDL
_beng
_cFEDL
041 _aeng
_2eng
084 _a150, FOX
_qFEDL
100 _aFox Dennis Ed.
_937097
245 0 _aCritical psychology: An introduction
260 _aLondon, UK
_bSage Publications
_c1997
300 _axvii,362p.
546 _aMACESE
700 _a Prilleltensky Isaac Ed.
_9779718
942 _cTEXL
_h150, FOX
999 _c1392696
_d1392696